La expresión oral en la escuela primaria : primaria.

Gespeichert in:
Bibliographische Detailangaben
1. Verfasser: Encinas Muñoz, Abel (autor)
Weitere Verfasser: Ramírez Comparán, Carlota Elizabeth (autor) (autor)
Format: Buch
Sprache:Spanisch
Schlagworte:
Tags: Tag hinzufügen
Keine Tags, Fügen Sie das erste Tag hinzu!

MARC

LEADER 00000cam^a2200000uu^4500
001 000492595
005 20250521000000.0
008 050901s2002^^^^^^^^^^^^rd^r^^000^0^spa^d
009 20260310125443.685
022 |a 9701879988 
035 |a FCE 000035923 
035 |a FCE 035967 
037 |a Acervo ITESO - Biblioteca 
041 |a spa 
082 0 4 |a 372.072  |b TGA-03 20 
100 |a Encinas Muñoz, Abel  |e (autor) 
245 1 3 |a La expresión oral en la escuela primaria :  |b primaria. 
264 |a México :  |b SEP ; PRONAP,  |c 2002. 
300 |a 36 p. 
336 |a texto  |b txt  |2 rdacontenido 
337 |a sin mediación  |b n  |2 rdamedio 
338 |a volumen  |b nc  |2 rdasoporte 
649 |a XX 
650 |a Guía del docente 
650 |a Expresión oral 
650 |a Investigación educativa 
700 |a Ramírez Comparán, Carlota Elizabeth  |e (autor) 
910 |a Fondo Centro de Estudios Educativos 
920 |a Impresos - Libros 
930 |a Fondos Especiales 
905 |a 133 
901 |a ALE035967  |b IT2  |c CEE  |u 20250521 
902 |a https://opac.biblio.iteso.mx/vufind/Record/000492595